<Das> internationale Geschehen 1945-1987 Kurze Geschichte der internationalen Beziehungen

Salvato in:
Dettagli Bibliografici
Natura: Libro
Lingua:tedesco
Pubblicazione: Berlin Staatsverlag der DDR 1989
Edizione:1. Aufl.
Tags: Aggiungi Tag
Nessun Tag, puoi essere il primo ad aggiungerne!!

MARC

LEADER 00000nam a2200000 4500
001 c036020
005 20221206131403.8
041 0 |a ger 
044 |a DE 
245 1 0 |a <Das> internationale Geschehen 1945-1987  |b Kurze Geschichte der internationalen Beziehungen 
250 |a 1. Aufl. 
264 1 |a Berlin  |b Staatsverlag der DDR  |c 1989 
300 |a 216 s.